Theodore Rex / (Record no. 951)

000 -LEADER
fixed length control field 01765nam a22004337a 4500
001 - CONTROL NUMBER
control field 12318472
003 - CONTROL NUMBER IDENTIFIER
control field OSt
005 - DATE AND TIME OF LATEST TRANSACTION
control field 20210426111002.0
008 - FIXED-LENGTH DATA ELEMENTS--GENERAL INFORMATION
fixed length control field 010222s2001 nyuab b 001 0beng
010 ## - LIBRARY OF CONGRESS CONTROL NUMBER
LC control number 2001019366
020 ## - INTERNATIONAL STANDARD BOOK NUMBER
International Standard Book Number 9780394555096 (acidfree paper)
020 ## - INTERNATIONAL STANDARD BOOK NUMBER
International Standard Book Number 0394555090 (acidfree paper)
040 ## - CATALOGING SOURCE
Original cataloging agency DLC
Transcribing agency DLC
Modifying agency DLC
043 ## - GEOGRAPHIC AREA CODE
Geographic area code n-us---
050 00 - LIBRARY OF CONGRESS CALL NUMBER
Classification number E757
Item number .M885 2001
080 ## - UNIVERSAL DECIMAL CLASSIFICATION NUMBER
Universal Decimal Classification number 92
Item number M-86
082 00 - DEWEY DECIMAL CLASSIFICATION NUMBER
Classification number 973.91/1
Edition number 21
100 1# - MAIN ENTRY--PERSONAL NAME
Personal name Morris, Edmund.
245 10 - TITLE STATEMENT
Title Theodore Rex /
Statement of responsibility, etc. Edmund Morris.
250 ## - EDITION STATEMENT
Edition statement 1st ed.
260 ## - PUBLICATION, DISTRIBUTION, ETC.
Place of publication, distribution, etc. New York :
Name of publisher, distributor, etc. Random House,
Date of publication, distribution, etc. c2001.
300 ## - PHYSICAL DESCRIPTION
Extent x, 772 p. :
Other physical details ill., maps ;
Dimensions 25 cm.
365 ## - TRADE PRICE
Price note 35.00 USD
500 ## - GENERAL NOTE
General note Continues: The rise of Theodore Roosevelt.
500 ## - GENERAL NOTE
General note Continued by: Colonel Roosevelt.
504 ## - BIBLIOGRAPHY, ETC. NOTE
Bibliography, etc. note Includes bibliographical references (p. [563]-571) and index.
600 10 - SUBJECT ADDED ENTRY--PERSONAL NAME
Personal name Roosevelt, Theodore,
Dates associated with a name 1858-1919.
650 #0 - SUBJECT ADDED ENTRY--TOPICAL TERM
Topical term or geographic name entry element Presidents
Geographic subdivision United States
Form subdivision Biography.
651 #0 - SUBJECT ADDED ENTRY--GEOGRAPHIC NAME
Geographic name United States
General subdivision Politics and government
Chronological subdivision 1901-1909.
653 ## - INDEX TERM--UNCONTROLLED
Uncontrolled term ბიოგრაფია
700 1# - ADDED ENTRY--PERSONAL NAME
Personal name Morris, Edmund.
Title of a work Rise of Theodore Roosevelt.
700 1# - ADDED ENTRY--PERSONAL NAME
Personal name Morris, Edmund.
Title of a work Colonel Roosevelt.
856 42 - ELECTRONIC LOCATION AND ACCESS
Materials specified Contributor biographical information
Uniform Resource Identifier <a href="http://www.loc.gov/catdir/bios/random053/2001019366.html">http://www.loc.gov/catdir/bios/random053/2001019366.html</a>
856 41 - ELECTRONIC LOCATION AND ACCESS
Materials specified Sample text
Uniform Resource Identifier <a href="http://www.loc.gov/catdir/samples/random044/2001019366.html">http://www.loc.gov/catdir/samples/random044/2001019366.html</a>
856 42 - ELECTRONIC LOCATION AND ACCESS
Materials specified Publisher description
Uniform Resource Identifier <a href="http://www.loc.gov/catdir/description/random0411/2001019366.html">http://www.loc.gov/catdir/description/random0411/2001019366.html</a>
906 ## - LOCAL DATA ELEMENT F, LDF (RLIN)
a 7
b cbc
c orignew
d 1
e ocip
f 20
g y-gencatlg
942 ## - ADDED ENTRY ELEMENTS (KOHA)
Source of classification or shelving scheme
Koha item type Books
Holdings
Withdrawn status Lost status Source of classification or shelving scheme Damaged status Not for loan Permanent location Current location Date acquired Inventory number Full call number Barcode Date last seen Price effective from Koha item type
          Ken Walker International University Ken Walker International University 01/27/2021 2413 92 M-86 2413 01/27/2021 01/27/2021 Books

Powered by Koha